Geography Quiz

Random Geography or State Quiz

Top Wine Producing States Quiz Stats

 Plays Quiz Updated May 8, 2016

Challenge
Share
Tweet
Embed
Score 0/20 Timer 02:00
4 Plays Today
Gallons State % Correct
638,173,762California
99.1%
38,730,324Washington
92.2%
13,379,563Oregon
91.6%
30,707,698New York
88.6%
1,424,362Texas
79.5%
1,838,211Florida
73.8%
1,962,099Virginia
72.3%
5,716,702Ohio
71.1%
15,513,532Pennsylvania
68.7%
1,538,218North Carolina
68.1%
Gallons State % Correct
2,064,168Michigan
64.4%
1,643,376Kentucky
59.9%
1,160,119Indiana
57.7%
1,646,831Tennessee
57.7%
3,255,902Vermont
55.6%
697,196Massachusetts
52.6%
1,492,655New Jersey
52.3%
1,019,377Wisconsin
50.7%
1,134,126Missouri
46.9%
737,645New Mexico
43.9%

You're not logged in!

Compare scores with friends on all Sporcle quizzes.
OR
Log In

You Might Also Like...

Show Comments

Extras

Top Quizzes Today


Score Distribution

Your Account Isn't Verified!

In order to create a playlist on Sporcle, you need to verify the email address you used during registration. Go to your Sporcle Settings to finish the process.

Report this User

Report this user for behavior that violates our Community Guidelines.

Details: